| Tag |
First Indicator |
Second Indicator |
Subfields |
| LEADER |
00000cam a2200000Ia 4500 |
| 001 |
in00002052263 |
| 005 |
20151101064415.0 |
| 008 |
021008s2001 enka bf 001 0 eng d |
| 020 |
|
|
|a 1903287162
|
| 035 |
|
|
|a (OCoLC)ocm50753534
|
| 040 |
|
|
|a CPV
|c CPV
|d TXA
|d UtOrBLW
|
| 049 |
|
|
|a TXAM
|
| 090 |
|
|
|a TH7653
|b .V457 2001
|
| 245 |
0 |
0 |
|a Ventilation and air conditioning :
|b CIBSE guide B2.
|
| 246 |
3 |
|
|a CIBSE guide.
|n B2,
|p Ventilation and air conditioning
|
| 246 |
3 |
|
|a Chartered Institution of Building Services Engineers guide B2
|
| 264 |
|
1 |
|a London :
|b CIBSE :
|b DTI,
|c [2001]
|
| 264 |
|
4 |
|c ©2001
|
| 300 |
|
|
|a 1 volume (various pagings) :
|b illustrations ;
|c 30 cm.
|
| 336 |
|
|
|a text
|b txt
|2 rdacontent
|
| 337 |
|
|
|a unmediated
|b n
|2 rdamedia
|
| 338 |
|
|
|a volume
|b nc
|2 rdacarrier
|
| 504 |
|
|
|a Includes bibliographical references and index.
|
| 650 |
|
0 |
|a Ventilation
|v Handbooks, manuals, etc.
|
| 650 |
|
0 |
|a Air conditioning
|v Handbooks, manuals, etc.
|
| 710 |
2 |
|
|a Chartered Institution of Building Services Engineers.
|
| 948 |
|
|
|a cataloged
|b h
|c 2005/9/8
|d c
|e jgreene
|f 4:06:14 pm
|
| 994 |
|
|
|a C0
|b TXA
|
| 999 |
|
|
|a MARS
|
| 999 |
f |
f |
|s b7ee2043-9035-3b5b-831a-a85ba5c1943c
|i b14ca723-fbce-3999-8bf1-de814db15505
|t 0
|
| 952 |
f |
f |
|p normal
|a Texas A&M University
|b College Station
|c Sterling C. Evans Library
|d Evans: Library Stacks
|t 0
|e TH7653 .V457 2001
|h Library of Congress classification
|i unmediated -- volume
|m A14832919266
|
| 998 |
f |
f |
|a TH7653 .V457 2001
|t 0
|l Evans: Library Stacks
|